Ηλεκτρονικά και βιομηχανική ανάπτυξη : η περίπτωση της Ιαπωνίας

Αποθηκεύτηκε σε:
Λεπτομέρειες βιβλιογραφικής εγγραφής
Κύριος συγγραφέας: Καζής, Δημήτρης Α.
Συγγραφή απο Οργανισμό/Αρχή: Κέντρο Προγραμματισμού και Οικονομικών Ερευνών
Μορφή: Βιβλίο
Γλώσσα:Greek
Δημοσίευση: Αθήνα : Κέντρο Προγραμματισμού και οικονομικών Ερευνών, 1991
Σειρά:Θέματα προγραμματισμού ; ; 41
Θέματα:
Ετικέτες: Προσθήκη ετικέτας
Δεν υπάρχουν, Καταχωρήστε ετικέτα πρώτοι!

MARC

LEADER 00000nam a2200000 i 4500
001 1/98313
008 950310s1991 gre d
035 |l 10010889 
040 |a GR-MY-UA  |b gre  |e aacr 
041 0 |a gre 
082 0 |a 338.952 
100 1 |a Καζής, Δημήτρης Α. 
245 1 0 |a Ηλεκτρονικά και βιομηχανική ανάπτυξη :  |b η περίπτωση της Ιαπωνίας /  |c Δημήτρη Α. Κάζη 
260 |a Αθήνα :   |b Κέντρο Προγραμματισμού και οικονομικών Ερευνών,   |c 1991 
300 |a 152 σ. 
490 1 |a Θέματα προγραμματισμού 
650 0 0 |a Industries  |z Japan. 
650 0 0 |a Electronic industries  |z Japan. 
651 0 |a Japan  |x Economic conditions. 
710 2 |a Κέντρο Προγραμματισμού και Οικονομικών Ερευνών. 
830 0 |a Θέματα προγραμματισμού ;  |v ; 41 
852 |a INST  |b LESVOS  |e 19950310  |h 338.952 ΚΑΖ  |p 005100002504  |q 005100002504  |t BK  |y 0 
909 |a Λ  |b 023009 
922 |a 1ΔΩΡ  |b 199203  |c ΚΕΠΕ